Central Library OPAC University of Rajshahi

Shelley : (Record no. 55846)

MARC details
000 -LEADER
fixed length control field 00580nam a2200205 a 4500
001 - CONTROL NUMBER
control field 55846
003 - CONTROL NUMBER IDENTIFIER
rucl marc code BD-RjUL
005 - DATE AND TIME OF LATEST TRANSACTION
control field 20211209080324.0
008 - FIXED-LENGTH DATA ELEMENTS--GENERAL INFORMATION
fixed length control field 161122s1946 nyua 000 0 eng u
035 ## - SYSTEM CONTROL NUMBER
System control number (BD-RjUL)55970
040 ## - CATALOGING SOURCE
Original cataloging agency WSU
Modifying agency m.c
-- OCL
Language of cataloging BD-RjUL
Transcribing agency BD-RjUL
041 ## - LANGUAGE CODE
Language code of text/sound track or separate title eng
082 ## - DEWEY DECIMAL CLASSIFICATION NUMBER
Edition number 23
Classification number 828
Author mark and year BLS 1946
100 1# - MAIN ENTRY--PERSONAL NAME
Personal name Blunden, Edmund,
Dates associated with a name 1896-1974.
9 (RLIN) 165089
245 10 - TITLE STATEMENT
Title Shelley :
Remainder of title a life story /
Statement of responsibility, etc. by Edmund Blunden.
260 ## - PUBLICATION, DISTRIBUTION, ETC. (IMPRINT)
Place of publication, distribution, etc. London :
Name of publisher, distributor, etc. Collins,
Date of publication, distribution, etc. 1946
300 ## - PHYSICAL DESCRIPTION
Pagination 320 p. ;
Size 23 cm.
600 10 - SUBJECT ADDED ENTRY--PERSONAL NAME
Personal name Shelley, Percy Bysshe,
Dates associated with a name 1792-1822.
942 ## - ADDED ENTRY ELEMENTS (KOHA)
Source of classification or shelving scheme Dewey Decimal Classification
Koha item type Books
Holdings
Lost status Source of classification or shelving scheme Damaged status Not for loan Collection code Permanent Location Current Location Shelving location Date acquired Source of acquisition Cost, normal purchase price Total Checkouts Full call number Date last seen Copy number Koha item type
  Dewey Decimal Classification     Non-fiction Central Library, University of Rajshahi Central Library, University of Rajshahi   25/09/1956 Zeitlinger 8.80   828 BLS 1946 22/11/2016 C-2 Books